[Event "ch-RUS Rapid 2016"]
[Site "Sochi RUS"]
[Date "2016.10.02"]
[Round "3.9"]
[White "Khismatullin, Denis"]
[Black "Sharafiev, Azat"]
[Result "0-1"]
[WhiteTitle "GM"]
[BlackTitle "IM"]
[WhiteElo "2617"]
[BlackElo "2418"]
[WhiteFideId "4142578"]
[BlackFideId "4186214"]
[EventDate "2016.10.02"]

1. d4 d5 2. c4 e6 3. Nf3 Nf6 4. Nc3 Nbd7 5. Bg5 h6 6. Bh4 Be7 7. e3 Ne4 8. Bxe7
Qxe7 9. cxd5 Nxc3 10. bxc3 exd5 11. Qb3 c6 12. Bd3 O-O 13. a4 Nf6 14. O-O Be6
15. a5 c5 16. Qa3 Rfc8 17. Rfb1 Rab8 18. Rb5 Bd7 19. Rb2 Kf8 20. Qa2 Be6 21.
Rab1 Ne4 22. Qa3 Rc7 23. h3 Rd8 24. Ne5 Bc8 25. Bxe4 dxe4 26. Qa4 Kg8 27. Ra1
Qg5 28. Kh2 Be6 29. Rab1 f6 30. f4 exf3 31. Nxf3 Qxe3 32. dxc5 Qxc5 33. Rxb7 Bd5
34. Rxc7 Qxc7+ 35. Kh1 Bxf3 36. gxf3 Rd2 37. Qe8+ Kh7 38. Qe4+ f5 39. Qxf5+ g6 0-1

[Event "ch-RUS Rapid 2016"]
[Site "Sochi RUS"]
[Date "2016.10.02"]
[Round "3.10"]
[White "Potapov, Pavel"]
[Black "Matlakov, Maxim"]
[Result "1/2-1/2"]
[WhiteTitle "GM"]
[BlackTitle "GM"]
[WhiteElo "2493"]
[BlackElo "2691"]
[WhiteFideId "4169786"]
[BlackFideId "4168003"]
[EventDate "2016.10.02"]

1. e4 c5 2. c3 Nf6 3. e5 Nd5 4. Bc4 e6 5. Nf3 d6 6. d4 cxd4 7. cxd4 Be7 8. O-O
O-O 9. Qe2 b6 10. Rd1 Bb7 11. Bxd5 exd5 12. Bf4 Na6 13. Nc3 Nc7 14. exd6 Bxd6
15. Bxd6 Qxd6 16. Qe5 Qd7 17. Re1 Rfe8 18. Qh5 f6 19. Rxe8+ Rxe8 20. Re1 Ne6 21.
h3 g6 22. Qh4 Kg7 23. Re3 Bc6 24. Ne2 Qd6 25. Qg3 Qxg3 26. Nxg3 Nf4 27. Rxe8
Bxe8 28. Ne1 h5 29. h4 Bd7 30. f3 g5 31. hxg5 fxg5 32. Kf2 Kf6 33. Ne2 Ne6 34.
Nc2 Bb5 35. Nc3 Bc6 36. Ne2 Bb5 37. Nc3 Bc6 38. Ne2 Bb5 1/2-1/2

[Event "ch-RUS Rapid 2016"]
[Site "Sochi RUS"]
[Date "2016.10.02"]
[Round "3.11"]
[White "Ponkratov, Pavel"]
[Black "Matinian, Nikita"]
[Result "1/2-1/2"]
[WhiteTitle "GM"]
[BlackTitle "IM"]
[WhiteElo "2589"]
[BlackElo "2495"]
[WhiteFideId "4157800"]
[BlackFideId "24129100"]
[EventDate "2016.10.02"]

1. Nf3 Nf6 2. g3 g6 3. Bg2 Bg7 4. O-O O-O 5. d4 d6 6. c4 Nc6 7. Nc3 a6 8. e3 e5
9. b3 exd4 10. exd4 Bg4 11. h3 Bxf3 12. Bxf3 Re8 13. Bb2 Qc8 14. Bg2 Ne7 15. Qd3
Nf5 1/2-1/2

[Event "ch-RUS Rapid 2016"]
[Site "Sochi RUS"]
[Date "2016.10.02"]
[Round "3.12"]
[White "Zablotsky, Sergei"]
[Black "Grachev, Boris"]
[Result "1-0"]
[WhiteTitle "GM"]
[BlackTitle "GM"]
[WhiteElo "2518"]
[BlackElo "2628"]
[WhiteFideId "4131606"]
[BlackFideId "4129199"]
[EventDate "2016.10.02"]

1. d4 d5 2. c4 e6 3. Nf3 Nf6 4. g3 Bb4+ 5. Bd2 Be7 6. Bg2 O-O 7. O-O c6 8. b3 b6
9. Nc3 Bb7 10. Bf4 Nbd7 11. Qc2 h6 12. Rfd1 Rc8 13. e4 Ba6 14. Ne5 Nh5 15. Be3
Nhf6 16. Rac1 Ba3 17. Rb1 Bb4 18. Nxd7 Nxd7 19. a3 Be7 20. exd5 cxd5 21. cxd5
exd5 22. Bxd5 Nf6 23. Bf3 Qc7 24. Rbc1 Bb7 25. Bxb7 Qxb7 26. b4 Qd7 27. d5 Bd6
28. Bd4 Nh7 29. h4 Rfe8 30. Qd3 Be7 31. Qf3 Bf6 32. Kg2 Rc4 33. Ne2 Rxc1 34.
Rxc1 Rxe2 35. Bxf6 Rd2 36. Bxg7 h5 37. Bh6 Rxd5 38. Rc8+ Qxc8 39. Qxd5 Nf8 40.
Qg5+ Ng6 41. Qf6 Nxh4+ 42. gxh4 Qg4+ 43. Kh2 Kh7 44. Be3 1-0

[Event "ch-RUS Rapid 2016"]
[Site "Sochi RUS"]
[Date "2016.10.02"]
[Round "3.13"]
[White "Pridorozhni, Aleksei"]
[Black "Saveljev, Vladislav"]
[Result "1-0"]
[WhiteTitle "GM"]
[BlackTitle "FM"]
[WhiteElo "2579"]
[BlackElo "2360"]
[WhiteFideId "4127870"]
[BlackFideId "4128494"]
[EventDate "2016.10.02"]

1. e4 e5 2. f4 exf4 3. Bc4 d5 4. Bxd5 Nf6 5. Nc3 Bb4 6. Nf3 O-O 7. O-O Re8 8.
Bb3 Bxc3 9. dxc3 Qxd1 10. Rxd1 Nxe4 11. Bxf4 Na6 12. Rd4 Nec5 13. Bc4 Bf5 14.
Bg3 Bxc2 15. Ne5 Bg6 16. Nxg6 hxg6 17. b4 Ne6 18. Rd7 Rad8 19. Bxe6 fxe6 20.
Rad1 Rxd7 21. Rxd7 e5 22. Bf2 b6 23. b5 Nc5 24. Bxc5 bxc5 25. Rxc7 Rd8 26. a4
Rd3 27. Rxc5 e4 28. Kf1 Rd2 29. Rc7 e3 30. Rxa7 1-0

[Event "ch-RUS Rapid 2016"]
[Site "Sochi RUS"]
[Date "2016.10.02"]
[Round "3.14"]
[White "Nechaev, Oleg"]
[Black "Chigaev, Maksim"]
[Result "1-0"]
[WhiteTitle "FM"]
[BlackTitle "IM"]
[WhiteElo "2358"]
[BlackElo "2551"]
[WhiteFideId "24113409"]
[BlackFideId "4108116"]
[EventDate "2016.10.02"]

1. c4 g6 2. Nc3 Bg7 3. g3 c5 4. Bg2 Nc6 5. e4 Nf6 6. Nge2 O-O 7. O-O d6 8. d3
Nd4 9. Rb1 Ne8 10. Be3 Nc7 11. Qd2 e5 12. Bh6 Rb8 13. Bxg7 Kxg7 14. b4 Be6 15.
f4 f6 16. Nxd4 cxd4 17. Nd5 Bxd5 18. exd5 b5 19. Rfc1 bxc4 20. dxc4 a5 21. b5
Na8 22. c5 dxc5 23. Rxc5 Nb6 24. Qxa5 Ra8 25. Qd2 Na4 26. Rc6 Nc3 27. Rb2 Rb8
28. b6 Nxd5 29. fxe5 Nxb6 30. Rd6 Qc7 31. exf6+ Rxf6 32. Rxf6 Kxf6 33. Qxd4+ Kf7
34. Rf2+ Kg8 35. Bd5+ Nxd5 36. Qxd5+ Kg7 37. Qd4+ Kg8 38. Qd5+ Kg7 39. a4 Rd8
40. Qf3 Qc1+ 41. Kg2 Rd1 42. Qf8# 1-0

[Event "ch-RUS Rapid 2016"]
[Site "Sochi RUS"]
[Date "2016.10.02"]
[Round "3.15"]
[White "Shemeakin, Alexander"]
[Black "Morozevich, Alexander"]
[Result "0-1"]
[WhiteTitle "IM"]
[BlackTitle "GM"]
[WhiteElo "2266"]
[BlackElo "2683"]
[WhiteFideId "14101840"]
[BlackFideId "4116992"]
[EventDate "2016.10.02"]

1. d4 e6 2. c4 b6 3. Nc3 Bb4 4. Qc2 Bb7 5. e4 c5 6. d5 Qe7 7. Be2 f5 8. Nh3 fxe4
9. Bg5 Nf6 10. O-O-O Bxc3 11. Qxc3 O-O 12. f3 exd5 13. cxd5 d6 14. Nf4 Nbd7 15.
Ne6 Rf7 16. Bc4 Ne5 17. f4 Nxc4 18. Qxc4 Bxd5 19. Rxd5 Qxe6 20. Rxc5 d5 21. Rc6
Qd7 22. Qc2 Ng4 23. Rc3 d4 0-1

[Event "ch-RUS Rapid 2016"]
[Site "Sochi RUS"]
[Date "2016.10.02"]
[Round "3.16"]
[White "Moskalenko, Alexander"]
[Black "Popov, Ivan RUS"]
[Result "0-1"]
[WhiteTitle "IM"]
[BlackTitle "GM"]
[WhiteElo "2490"]
[BlackElo "2596"]
[WhiteFideId "4155351"]
[BlackFideId "4170350"]
[EventDate "2016.10.02"]

1. d4 Nf6 2. Nf3 d5 3. c4 e6 4. g3 Be7 5. Bg2 O-O 6. Nc3 dxc4 7. Ne5 Nc6 8. Nxc6
bxc6 9. O-O Rb8 10. Qc2 Nd5 11. Rd1 Ba6 12. Ne4 h6 13. Bf3 Qc8 14. Nd2 Nb4 15.
Qc3 c5 16. e3 cxd4 17. exd4 c5 18. dxc5 Bf6 19. Qa3 Nc2 20. Qa4 Nxa1 21. Ne4 Be5
22. Nd6 Bxd6 23. cxd6 Bb5 24. Qxa7 Qd7 25. Qc5 Rfc8 26. Qe5 Bc6 27. Bg4 Nc2 28.
a3 Ba8 29. Qc3 Qc6 30. f3 h5 31. d7 Rd8 32. Bf4 hxg4 33. Bxb8 Qc5+ 0-1

[Event "ch-RUS Rapid 2016"]
[Site "Sochi RUS"]
[Date "2016.10.02"]
[Round "3.17"]
[White "Dreev, Aleksey"]
[Black "Vastrukhin, Oleg"]
[Result "1-0"]
[WhiteTitle "GM"]
[WhiteElo "2660"]
[BlackElo "2392"]
[WhiteFideId "4100107"]
[BlackFideId "4192770"]
[EventDate "2016.10.02"]

1. d4 g6 2. Nf3 Bg7 3. g3 Nf6 4. Bg2 O-O 5. O-O d5 6. c4 c6 7. Qb3 Qb6 8. Nc3
Be6 9. Ng5 dxc4 10. Qa4 Qa6 11. Nxe6 fxe6 12. Bh3 Qxa4 13. Bxe6+ Kh8 14. Nxa4
Nd5 15. Rd1 Na6 16. b3 b5 17. Bxd5 cxd5 18. Nc3 Nc7 19. Bf4 b4 20. Bxc7 bxc3 21.
Rac1 Rfc8 22. Ba5 cxb3 23. axb3 Rab8 24. Rxc3 Rxc3 25. Bxc3 Rxb3 26. Be1 Bf6 27.
e3 Ra3 28. Rc1 Kg8 29. Rc5 Ra1 30. Kf1 e6 31. Ke2 h5 32. Bb4 g5 33. Rc7 g4 34.
Be7 Bxe7 35. Rxe7 Ra6 36. Kf1 Kf8 37. Rh7 Ra1+ 38. Kg2 a5 39. Rxh5 Kg7 40. e4
dxe4 41. Rg5+ Kf6 42. Rxg4 Re1 43. Rg8 Ra1 44. h4 a4 45. h5 Kf7 46. Ra8 Kf6 47.
g4 a3 48. Ra5 Ra2 49. g5+ Kf7 50. Ra7+ Kf8 51. h6 1-0

[Event "ch-RUS Rapid 2016"]
[Site "Sochi RUS"]
[Date "2016.10.02"]
[Round "3.18"]
[White "Smagin, Sergey"]
[Black "Motylev, Alexander"]
[Result "1/2-1/2"]
[WhiteTitle "GM"]
[BlackTitle "GM"]
[WhiteElo "2551"]
[BlackElo "2663"]
[WhiteFideId "4100425"]
[BlackFideId "4121830"]
[EventDate "2016.10.02"]

1. e4 c5 2. c3 d5 3. exd5 Qxd5 4. d4 Nf6 5. Nf3 Bg4 6. Be2 e6 7. h3 Bh5 8. Be3
cxd4 9. cxd4 Nc6 10. Nc3 Qa5 11. Qb3 Qb4 12. O-O Qxb3 13. axb3 Bd6 14. d5 Nxd5
15. Nxd5 exd5 16. Rfd1 Rd8 17. Bxa7 O-O 18. Bb6 Rd7 19. Kf1 Nb4 20. Nd4 Bxe2+ 1/2-1/2

[Event "ch-RUS Rapid 2016"]
[Site "Sochi RUS"]
[Date "2016.10.02"]
[Round "3.19"]
[White "Romanov, Evgeny"]
[Black "Hasangatin, Ramil"]
[Result "1-0"]
[WhiteTitle "GM"]
[BlackTitle "GM"]
[WhiteElo "2619"]
[BlackElo "2505"]
[WhiteFideId "4148843"]
[BlackFideId "4122160"]
[EventDate "2016.10.02"]

1. d4 d6 2. e4 Nf6 3. Nc3 e5 4. Nf3 Nbd7 5. Bc4 Be7 6. O-O O-O 7. a4 c6 8. Ba2
exd4 9. Nxd4 Nc5 10. Re1 a5 11. h3 Re8 12. Qf3 Ncd7 13. Be3 Ne5 14. Qe2 Bf8 15.
f4 Ng6 16. f5 Ne5 17. Rad1 Be7 18. Kh1 Nfd7 19. Bxf7+ Nxf7 20. Ne6 Bf6 21. Nxd8
Rxd8 22. Bd4 Nde5 23. Qf2 Re8 24. Ne2 Nd7 25. Nf4 Bxd4 26. Qxd4 Nf6 27. Qc4 Kf8
28. Ne6+ Bxe6 29. fxe6 Ne5 30. Qb3 Rad8 31. Qxb7 Rxe6 32. Qc7 Nf7 33. e5 Rde8
34. exf6 Rxe1+ 35. Rxe1 Rxe1+ 36. Kh2 gxf6 37. Qxc6 Re5 38. c3 d5 39. b4 axb4
40. cxb4 d4 41. a5 d3 42. Qd7 1-0

[Event "ch-RUS Rapid 2016"]
[Site "Sochi RUS"]
[Date "2016.10.02"]
[Round "3.20"]
[White "Nesterov, Arseniy"]
[Black "Afanasiev, Nikita"]
[Result "1-0"]
[BlackTitle "FM"]
[WhiteElo "2214"]
[BlackElo "2280"]
[WhiteFideId "24198455"]
[BlackFideId "24183555"]
[EventDate "2016.10.02"]

1. d4 d6 2. c4 g6 3. Nc3 Bg7 4. e4 Nf6 5. Be2 O-O 6. Bg5 h6 7. Be3 e5 8. d5 Na6
9. Qd2 Nc5 10. f3 a5 11. O-O-O Kh7 12. h4 Nh5 13. g4 Nf4 14. h5 g5 15. Nh3 Bd7
16. Nf2 Ng2 17. Bxc5 dxc5 18. d6 c6 19. Nd3 b6 20. Na4 Ra7 21. Qc3 Nf4 22. Nxf4
gxf4 23. Qb3 Ra6 24. Rdg1 Bf6 25. Qd3 Qb8 26. Nc3 a4 27. Rd1 Ra5 28. Qc2 Qa7 29.
Rd2 Rd8 30. Bd1 Ra8 31. a3 Be6 32. Qd3 Rd8 33. Bc2 Qa6 34. d7 Be7 35. Nd5 Bg5
36. Nc7 Qxc4 37. Qxc4 Bxc4 38. Rd6 Be7 39. Rxc6 Rxd7 40. Nd5 Bd8 41. Nxb6 Bxb6
42. Rxb6 Be2 43. Bd1 Rb5 44. Rxb5 Bxb5 45. Rh2 Rd4 46. Rc2 c4 47. Rd2 Kg7 48.
Kc2 Kf6 49. Kc3 Rxd2 50. Kxd2 Kg5 51. Ke1 Kh4 52. Kf2 Bd7 53. Be2 Be6 54. Bd1
Kh3 55. g5 f6 56. gxh6 Bg8 57. Bxa4 Kh4 58. Bc6 Kg5 59. Bd5 Bh7 60. Bxc4 Kxh6
61. Bf7 Kg7 62. Bd5 Kf8 63. b4 Ke7 64. a4 1-0

[Event "ch-RUS Rapid 2016"]
[Site "Sochi RUS"]
[Date "2016.10.02"]
[Round "4.1"]
[White "Bocharov, Dmitry"]
[Black "Andreikin, Dmitry"]
[Result "0-1"]
[WhiteTitle "GM"]
[BlackTitle "GM"]
[WhiteElo "2611"]
[BlackElo "2736"]
[WhiteFideId "4138716"]
[BlackFideId "4158814"]
[EventDate "2016.10.02"]

1. d4 d5 2. c4 c6 3. Nf3 Nf6 4. e3 Bf5 5. Nc3 a6 6. Ne5 Nbd7 7. Qb3 Qc7 8. cxd5
Nxe5 9. dxe5 Nxd5 10. Nxd5 cxd5 11. Bd2 Qxe5 12. Qxb7 Rb8 13. Qxa6 Qxb2 14. Rc1
e5 15. a4 Bd7 16. Qa7 Bd6 17. Bd3 Ke7 18. Bb5 Rhd8 19. Ke2 Rxb5 20. axb5 Qxb5+
21. Ke1 Ke6 22. f3 Rb8 23. Qa5 Qxa5 24. Bxa5 Rb2 25. Bd2 Bb5 26. g3 d4 27. exd4
exd4 28. Rg1 Kd5 29. Rg2 Ra2 30. Rf2 Ra8 31. Kd1 Ba4+ 32. Ke1 Bb5 33. Kd1 Bc5
34. Rb1 Ba4+ 35. Ke1 Bc2 36. Rc1 d3 37. Rg2 Kc4 38. g4 Kb3 39. Kf1 Bd4 40. Re1
Bc3 41. Re7 Ra1+ 42. Re1 Bd1 43. Rf2 Bd4 44. Rg2 Bxf3 45. Rg3 Be2+ 46. Kg2 Kc2
47. Rxa1 Bxa1 48. Bf4 f6 49. g5 Be5 50. gxf6 gxf6 51. Bxe5 fxe5 52. Re3 Bg4 53.
Rxe5 d2 0-1

[Event "ch-RUS Rapid 2016"]
[Site "Sochi RUS"]
[Date "2016.10.02"]
[Round "4.2"]
[White "Yuffa, Daniil"]
[Black "Artemiev, Vladislav"]
[Result "1/2-1/2"]
[WhiteTitle "IM"]
[BlackTitle "GM"]
[WhiteElo "2534"]
[BlackElo "2663"]
[WhiteFideId "24131423"]
[BlackFideId "24101605"]
[EventDate "2016.10.02"]

1. d4 d5 2. c4 c6 3. Nf3 Nf6 4. Nc3 e6 5. e3 Nbd7 6. Qc2 Bd6 7. Bd3 O-O 8. O-O
dxc4 9. Bxc4 e5 10. h3 Qe7 11. a3 Nb6 12. Ba2 Re8 13. Bd2 exd4 14. exd4 Be6 15.
Rfe1 Qd7 16. Ne5 Qc7 17. Bxe6 Rxe6 18. Qf5 Rae8 19. Ng4 Nxg4 20. hxg4 Nc4 21. d5
Re5 22. Qc2 Qd7 23. dxc6 bxc6 24. g5 h5 25. Rxe5 Bxe5 26. Rd1 Nxd2 27. Rxd2 Bf4
28. Re2 Bxg5 29. Rxe8+ Qxe8 30. Qf5 Bc1 31. Qc2 Qe1+ 32. Kh2 h4 33. Ne2 Qxf2 34.
Qxc1 Qxe2 35. Qxc6 Qe5+ 36. Kh1 Qe1+ 37. Kh2 g5 38. Qa8+ Kg7 39. Qxa7 Qe5+ 40.
Kh1 Qxb2 41. Qe3 Kg6 42. Qe4+ f5 43. Qe6+ Qf6 44. Qe8+ Kh6 45. a4 g4 46. Qe1 f4
47. a5 h3 48. a6 hxg2+ 49. Kxg2 Qc6+ 50. Kg1 g3 51. a7 Qc5+ 52. Kg2 Qd5+ 53. Kg1
Qc5+ 54. Kg2 Qc6+ 55. Kg1 Kg5 56. Qe5+ Kg4 57. Qg7+ Kf3 58. a8=Q Qxa8 59. Qc3+
Ke4 60. Qc4+ Ke5 61. Qc7+ Ke4 62. Qc4+ Kf5 63. Qf7+ Kg5 64. Qg7+ Kh4 65. Qh6+
Kg4 66. Qg6+ Kf3 67. Qd3+ 1/2-1/2

[Event "ch-RUS Rapid 2016"]
[Site "Sochi RUS"]
[Date "2016.10.02"]
[Round "4.3"]
[White "Sharafiev, Azat"]
[Black "Alekseev, Evgeny"]
[Result "1/2-1/2"]
[WhiteTitle "IM"]
[BlackTitle "GM"]
[WhiteElo "2418"]
[BlackElo "2636"]
[WhiteFideId "4186214"]
[BlackFideId "4138147"]
[EventDate "2016.10.02"]

1. Nf3 Nf6 2. c4 e6 3. g3 d5 4. Bg2 d4 5. O-O c5 6. e3 Nc6 7. exd4 cxd4 8. d3
Bd6 9. Bg5 h6 10. Bxf6 Qxf6 11. Nbd2 Qe7 12. Re1 O-O 13. Nb3 Rd8 14. Nfxd4 Nxd4
15. Nxd4 Bxg3 16. hxg3 Rxd4 17. Re4 Rd8 18. d4 Qc7 19. Qe2 Bd7 20. d5 exd5 21.
cxd5 Qd6 22. Qd2 Re8 23. Rc1 Rxe4 24. Bxe4 Re8 25. Bf3 b6 26. Kg2 Kf8 1/2-1/2

[Event "ch-RUS Rapid 2016"]
[Site "Sochi RUS"]
[Date "2016.10.02"]
[Round "4.4"]
[White "Zablotsky, Sergei"]
[Black "Savchenko, Boris"]
[Result "1-0"]
[WhiteTitle "GM"]
[BlackTitle "GM"]
[WhiteElo "2518"]
[BlackElo "2613"]
[WhiteFideId "4131606"]
[BlackFideId "4147332"]
[EventDate "2016.10.02"]

1. d4 Nf6 2. c4 g6 3. Nc3 d5 4. e3 Bg7 5. Qb3 e6 6. Qa3 c6 7. Nf3 a5 8. b3 Na6
9. Bd2 Nb4 10. Qb2 O-O 11. Be2 Ne4 12. O-O c5 13. Rfd1 Nxd2 14. Qxd2 cxd4 15.
exd4 b6 16. Rac1 h6 17. Ne5 dxc4 18. Bf3 Ra7 19. Nb5 Re7 20. bxc4 Bb7 21. Bxb7
Rxb7 22. a3 Na6 23. Qf4 Nb8 24. h4 Qf6 25. Qe4 Re7 26. g3 Qf5 27. Qe3 Rd8 28. f4
h5 29. c5 bxc5 30. dxc5 Rxd1+ 31. Rxd1 Kh7 32. Nd4 Qh3 33. c6 Rc7 34. Qf3 Bf8
35. Rc1 Bd6 36. a4 Kg8 37. Qg2 Qxg2+ 38. Kxg2 Kf8 39. Kf3 Ke7 40. Ke4 Rc8 41.
Rc2 Na6 42. Nd3 Rb8 43. Nb5 Nc7 44. Ne5 f5+ 45. Kd4 Nxb5+ 46. axb5 Bc7 47. Kc4
Rc8 48. Rd2 Rd8 49. Nxg6+ Kf6 50. Rxd8 Bxd8 51. Ne5 Ke7 52. Kc5 a4 53. Nc4 Bc7
54. Kb4 1-0

[Event "ch-RUS Rapid 2016"]
[Site "Sochi RUS"]
[Date "2016.10.02"]
[Round "4.5"]
[White "Nechaev, Oleg"]
[Black "Pridorozhni, Aleksei"]
[Result "1/2-1/2"]
[WhiteTitle "FM"]
[BlackTitle "GM"]
[WhiteElo "2358"]
[BlackElo "2579"]
[WhiteFideId "24113409"]
[BlackFideId "4127870"]
[EventDate "2016.10.02"]

1. c4 e6 2. Nc3 f5 3. g3 Nf6 4. Bg2 c6 5. d4 d5 6. Nh3 Be7 7. O-O O-O 8. Qb3 Qb6
9. Rd1 Qxb3 10. axb3 Na6 11. Nf4 Nb4 12. Nd3 Nxd3 13. Rxd3 Bd7 14. Bf4 b5 15. c5
a5 16. f3 Bd8 17. b4 Be8 18. bxa5 Rxa5 19. Rdd1 Rf7 20. Rxa5 Bxa5 21. Ra1 Ra7
22. b4 Bb6 23. Rxa7 Bxa7 24. e4 fxe4 25. fxe4 dxe4 26. Bxe4 Nxe4 27. Nxe4 Bg6
28. Ng5 Bf5 29. Bc7 Kf8 1/2-1/2

[Event "ch-RUS Rapid 2016"]
[Site "Sochi RUS"]
[Date "2016.10.02"]
[Round "4.6"]
[White "Morozevich, Alexander"]
[Black "Shaposhnikov, Evgeny"]
[Result "0-1"]
[WhiteTitle "GM"]
[BlackTitle "GM"]
[WhiteElo "2683"]
[BlackElo "2557"]
[WhiteFideId "4116992"]
[BlackFideId "4122232"]
[EventDate "2016.10.02"]

1. e4 c5 2. b3 Nf6 3. e5 Nd5 4. Bb2 g6 5. h4 Bg7 6. h5 d6 7. Bb5+ Nc6 8. Qe2 O-O
9. hxg6 fxg6 10. Qc4 dxe5 11. Bxc6 bxc6 12. Ne2 Be6 13. Qh4 h6 14. Qg3 Bf5 15.
Bxe5 Bxe5 16. Qxe5 Qd6 17. Qxd6 exd6 18. d3 Rae8 19. Kd2 Bxd3 20. cxd3 Rxf2 21.
Re1 Rxg2 22. a3 h5 23. Ra2 h4 24. Nc3 Nxc3 25. Kxc3 h3 26. Nf4 Rxe1 27. Nxg2 h2
28. Nxe1 h1=Q 29. Re2 Kf7 30. Nc2 Qh8+ 31. Kd2 Qb2 32. b4 cxb4 33. axb4 g5 34.
Re4 d5 35. Re3 d4 36. Rg3 Kg6 37. Kd1 Kh5 38. Rf3 g4 39. Rf4 g3 40. Nxd4 g2 41.
Ne2 Qxe2+ 42. Kxe2 g1=Q 43. Rc4 Qg2+ 44. Ke3 Kg6 45. Kd4 Kf6 46. Kc3 Ke6 47. Rc5
Kd6 48. Ra5 Qf2 49. d4 Qe3+ 50. Kc4 a6 0-1

[Event "ch-RUS Rapid 2016"]
[Site "Sochi RUS"]
[Date "2016.10.02"]
[Round "4.7"]
[White "Popov, Ivan RUS"]
[Black "Golubov, Saveliy"]
[Result "1-0"]
[WhiteTitle "GM"]
[BlackTitle "IM"]
[WhiteElo "2596"]
[BlackElo "2481"]
[WhiteFideId "4170350"]
[BlackFideId "24176729"]
[EventDate "2016.10.02"]

1. e4 e5 2. Nf3 Nc6 3. Bc4 Bc5 4. c3 Nf6 5. d3 d6 6. Bg5 h6 7. Bh4 g5 8. Bg3 Be6
9. Nbd2 a6 10. a4 Ba7 11. b4 Ne7 12. h3 Ng6 13. Bh2 Qd7 14. Qb3 c6 15. Bxe6 fxe6
16. d4 exd4 17. Nxd4 d5 18. O-O O-O 19. Rae1 Rae8 20. Qc2 Nh4 21. Bg3 e5 22.
N4b3 Nh5 23. Bxh4 gxh4 24. exd5 Nf4 25. dxc6 Qg7 26. Qe4 Nxh3+ 27. Kh2 Nxf2 28.
Qxh4 Ng4+ 29. Kh1 Bf2 30. Rxf2 Nxf2+ 31. Kg1 bxc6 32. Nc5 Ng4 33. Nde4 Rf4 34.
Nd3 Rff8 35. Ndf2 Nxf2 36. Nxf2 Kh8 37. Re4 Re6 38. Ng4 Rg6 39. Ne3 Rg8 40. Qf2
Rg5 41. Rh4 Qg6 42. a5 c5 43. bxc5 e4 44. c4 Rxc5 45. Ng4 Rg5 46. Rxh6+ 1-0

[Event "ch-RUS Rapid 2016"]
[Site "Sochi RUS"]
[Date "2016.10.02"]
[Round "4.8"]
[White "Timofeev, Artyom"]
[Black "Dreev, Aleksey"]
[Result "1/2-1/2"]
[WhiteTitle "GM"]
[BlackTitle "GM"]
[WhiteElo "2601"]
[BlackElo "2660"]
[WhiteFideId "4140419"]
[BlackFideId "4100107"]
[EventDate "2016.10.02"]

1. c4 c6 2. Nf3 d5 3. e3 Nf6 4. Nc3 Nbd7 5. cxd5 cxd5 6. d4 e6 7. Bd3 Bd6 8. O-O
O-O 9. Bd2 a6 10. a4 e5 11. e4 dxe4 12. Nxe4 Nxe4 13. Bxe4 exd4 14. Bg5 Nf6 15.
Re1 h6 16. Bxf6 Qxf6 17. Qxd4 Qxd4 18. Nxd4 Rd8 19. Rad1 Bg4 20. f3 Bc5 21. fxg4
Rxd4 1/2-1/2

[Event "ch-RUS Rapid 2016"]
[Site "Sochi RUS"]
[Date "2016.10.02"]
[Round "4.9"]
[White "Riazantsev, Alexander"]
[Black "Potapov, Pavel"]
[Result "1-0"]
[WhiteTitle "GM"]
[BlackTitle "GM"]
[WhiteElo "2651"]
[BlackElo "2493"]
[WhiteFideId "4125029"]
[BlackFideId "4169786"]
[EventDate "2016.10.02"]

1. d4 f5 2. g3 Nf6 3. Bg2 g6 4. c3 Bg7 5. Qb3 c6 6. Nd2 d5 7. Ndf3 Ne4 8. h4 Qb6
9. Nh3 Be6 10. Qd1 Nd7 11. h5 O-O-O 12. a4 Bg8 13. a5 Qc7 14. Nf4 Bf7 15. Nd3 e5
16. dxe5 Nxe5 17. Nfxe5 Bxe5 18. Nxe5 Qxe5 19. Bf4 Qf6 20. Qd4 Qxd4 21. cxd4
gxh5 22. Bf3 Bg6 23. Bxh5 Nf6 24. Bf3 Ng4 25. a6 b6 26. Kf1 Kd7 27. Kg2 Rhe8 28.
Rac1 Rc8 29. e3 Nf6 30. Be2 Ne4 31. Bd3 Re6 32. Rh6 c5 33. Bb5+ Ke7 34. Rch1
cxd4 35. Rxh7+ Bxh7 36. Rxh7+ Kf6 37. Bd7 d3 38. Rh6+ Ke7 39. Rh7+ Kf6 40. Bxc8
d2 41. Rh6+ Kg7 42. Rh1 Rc6 43. Bd7 Rc1 44. Ba4 Nxf2 45. Be5+ Kg6 46. Kxf2 Rxh1
47. Ke2 Rh2+ 48. Kd1 Kg5 49. Bc6 Kg4 50. Bxd5 Rh7 51. Bc6 Rh2 52. Bb8 Rh6 53.
Bb7 1-0

[Event "ch-RUS Rapid 2016"]
[Site "Sochi RUS"]
[Date "2016.10.02"]
[Round "4.10"]
[White "Gabrielian, Artur"]
[Black "Khairullin, Ildar"]
[Result "1-0"]
[WhiteTitle "GM"]
[BlackTitle "GM"]
[WhiteElo "2524"]
[BlackElo "2630"]
[WhiteFideId "4131002"]
[BlackFideId "4151348"]
[EventDate "2016.10.02"]

1. e4 e5 2. Nf3 Nc6 3. Bc4 Bc5 4. d3 Nf6 5. O-O d6 6. c3 a6 7. a4 Ba7 8. Bg5 h6
9. Bh4 g5 10. Bg3 Bg4 11. Nbd2 Qe7 12. b4 Nh5 13. Kh1 Nf4 14. Bxf4 gxf4 15. b5
Nb8 16. Qb3 a5 17. d4 Nd7 18. Bd5 Rb8 19. Qa3 Qf6 20. h3 Bxf3 21. Nxf3 exd4 22.
cxd4 Bxd4 23. Nxd4 Qxd4 24. Rac1 Nc5 25. Qf3 Qe5 26. g3 fxg3 27. Qxf7+ Kd8 28.
Rxc5 dxc5 29. Rd1 Qd6 30. Bb3 1-0

[Event "ch-RUS Rapid 2016"]
[Site "Sochi RUS"]
[Date "2016.10.02"]
[Round "4.11"]
[White "Matlakov, Maxim"]
[Black "Evdokimov, Alexander A."]
[Result "1-0"]
[WhiteTitle "GM"]
[BlackTitle "GM"]
[WhiteElo "2691"]
[BlackElo "2495"]
[WhiteFideId "4168003"]
[BlackFideId "4139275"]
[EventDate "2016.10.02"]

1. c4 c5 2. Nf3 Nf6 3. d4 cxd4 4. Nxd4 b6 5. Nc3 Bb7 6. f3 d6 7. e4 e6 8. Be2 a6
9. O-O Be7 10. Be3 Nbd7 11. a4 O-O 12. a5 bxa5 13. Nb3 Rb8 14. Nxa5 Ba8 15. Qd2
Qc7 16. Rfc1 Ne5 17. Nd1 Rfc8 18. b4 Qd7 19. Rab1 Bd8 20. Nb3 Qe7 21. c5 Bc7 22.
Bxa6 Rd8 23. Qc3 d5 24. b5 dxe4 25. b6 Nd5 26. Qe1 Nxb6 27. cxb6 Bxb6 28. f4 Nd3
29. Bxd3 exd3 30. Bxb6 Rxb6 31. Nd2 Rxb1 32. Rxb1 h6 33. Qe5 Kh7 34. Ne3 Qa7 35.
Ra1 Qb7 36. f5 Re8 37. f6 Rg8 38. Rb1 Qc6 39. fxg7 Rxg7 40. Nf3 Rg6 41. Rf1 d2
42. Qd4 Qc1 43. Nxd2 Qc7 44. Ne4 e5 45. Qd3 Kg7 46. Nd6 Kg8 47. Nxf7 Qb6 48. g3
Kg7 49. Nxe5 Rf6 50. Qd7+ 1-0

[Event "ch-RUS Rapid 2016"]
[Site "Sochi RUS"]
[Date "2016.10.02"]
[Round "4.12"]
[White "Rakhmanov, Aleksandr"]
[Black "Ponkratov, Pavel"]
[Result "1-0"]
[WhiteTitle "GM"]
[BlackTitle "GM"]
[WhiteElo "2662"]
[BlackElo "2589"]
[WhiteFideId "4173708"]
[BlackFideId "4157800"]
[EventDate "2016.10.02"]

1. d4 Nf6 2. Nf3 e6 3. e3 c5 4. Bd3 Nc6 5. O-O d5 6. b3 Be7 7. Bb2 O-O 8. Nbd2
Qc7 9. a3 b6 10. Ne5 a5 11. Qe2 a4 12. f4 Bb7 13. Rf3 Ne4 14. dxc5 Nxe5 15. Bxe5
Qxc5 16. Rh3 g6 17. Nxe4 dxe4 18. Qh5 1-0